Ανάλυση της οικονομικής κατάστασης των εταιρειών "Δέλτα συμμετοχών Α.Ε." και "Φάγε Α.Ε." στην εξαετία 1999-2004 μέσω των αριθμοδεικτών : [πτυχιακή εργασία]
Αποθηκεύτηκε σε:
| Κύριος συγγραφέας: | |
|---|---|
| Συγγραφή απο Οργανισμό/Αρχή: | |
| Άλλοι συγγραφείς: | |
| Μορφή: | Thesis Βιβλίο |
| Γλώσσα: | Greek |
| Δημοσίευση: |
2005
|
| Θέματα: | |
| Διαθέσιμο Online: | http://hdl.handle.net/11610/6928 |
| Ετικέτες: |
Προσθήκη ετικέτας
Δεν υπάρχουν, Καταχωρήστε ετικέτα πρώτοι!
|
MARC
| LEADER | 00000cam a2200000 i 4500 | ||
|---|---|---|---|
| 001 | 1/23606 | ||
| 008 | 060203s2005 gre d | ||
| 035 | |l 10082473 | ||
| 040 | |a GR-MY-UA |b gre |e aacr | ||
| 041 | 0 | |a gre | |
| 082 | 0 | |a 658.15 |2 (22) | |
| 100 | 1 | |a Δαλέζιου, Βασιλική. | |
| 245 | 1 | 0 | |a Ανάλυση της οικονομικής κατάστασης των εταιρειών "Δέλτα συμμετοχών Α.Ε." και "Φάγε Α.Ε." στην εξαετία 1999-2004 μέσω των αριθμοδεικτών : |b [πτυχιακή εργασία] / |c Δαλεζίου Βασιλική ; επιβλέπων Αγγελής Βασίλειος |
| 260 | |c 2005 | ||
| 300 | |a 1 τ.; |b διαγρ., πίν.; |c 30 εκ. | ||
| 502 | |a Πτυχιακή εργασία – Πανεπιστήμιο Αιγαίου, Χίος, 2005. | ||
| 504 | |a Περιλαμβάνει βιβλιογραφία | ||
| 610 | 2 | 0 | |a Πανεπιστήμιο Αιγαίου. |
| 650 | 0 | 0 | |a Business enterprises |x Finance. |
| 650 | 0 | 0 | |a Ratio and proportion. |
| 650 | 0 | 0 | |a Financial statements. |
| 650 | 0 | 0 | |a Dissertations, Academic |z Greece. |
| 700 | 1 | |a Αγγελής, Βασίλης. |4 ths | |
| 710 | 1 | |a Πανεπιστήμιο Αιγαίου |b Σχολή Επιστημών της Διοίκησης |b Τμήμα Διοίκησης Επιχειρήσεων - Τ.Δ.Ε. | |
| 852 | |a INST |b CHIOS |c DIATR |e 20060203 |h 658.15 ΔΑΛ |p 005200024452 |q 005200024452 |t DIE |y 23 | ||
| 852 | |a INST |b CHIOS |c DIATR |e 20060203 |h 658.15 ΔΑΛ |p 005200024453 |q 005200024453 |t DIE |y 23 | ||
| 856 | |u http://hdl.handle.net/11610/6928 | ||
| 901 | |a BIBL2-2006-1 | ||
| 909 | |a Χ |b 119784 | ||
| 909 | |a Χ |b 119783 | ||
| 924 | |a ΔΑΛΕΖΙΟΥ |b ΒΑΣΙΛΙΚΗ |y ΧΙΟΣ |z 2005-10 | ||
| 970 | |a ΒΑΣΙΛΑΚΗ |b ΝΙΚΗ |z 2006/02/03 | ||